[Event "Ste-Foy 2011.03.06"]
[Site "Quebec CAN"]
[Date "2011.03.26"]
[Round "4"]
[White "Cournoyer, Dominic"]
[Black "Caron, Sebastien"]
[Result "0-1"]
[ECO "A24"]
[WhiteElo "1912"]
[BlackElo "1921"]
[PlyCount "64"]
[GameId "2160767909787481"]
[EventDate "2011.03.06"]
[EventType "swiss"]
[EventRounds "5"]
[EventCountry "CAN"]

1. c4 Nf6 2. Nc3 g6 3. Nf3 Bg7 4. g3 O-O 5. Bg2 d6 6. O-O e5 7. d4 Qe8 8. dxe5 dxe5 9. Nb5 Na6 10. b3 e4 11. Ng5 h6 12. Nh3 Nh5 13. Ba3 Bxa1 14. Bxf8 Qxf8 15. Qxa1 c6 16. Nc3 f5 17. Qc1 g5 18. Nxg5 hxg5 19. Qxg5+ Ng7 20. Rd1 Be6 21. Bxe4 fxe4 22. Nxe4 Qf5 23. Qh4 Rf8 24. f3 Qg6 25. Qe7 Qf7 26. Qh4 Nf5 27. Qg4+ Qg7 28. Ng5 Bc8 29. Qh5 Qh6 30. Qxh6 Nxh6 31. Rd6 Kg7 32. h4 Nf5 0-1

[Event "Ste-Foy 2011.03.06"]
[Site "Quebec CAN"]
[Date "2011.03.26"]
[Round "4"]
[White "Cummins, Paul"]
[Black "Doyon, Stephane"]
[Result "1-0"]
[ECO "B97"]
[WhiteElo "1767"]
[BlackElo "1663"]
[PlyCount "51"]
[GameId "2160767909787482"]
[EventDate "2011.03.06"]
[EventType "swiss"]
[EventRounds "5"]
[EventCountry "CAN"]

1. e4 c5 2. Nf3 d6 3. d4 cxd4 4. Nxd4 Nf6 5. Nc3 a6 6. Bg5 e6 7. f4 Qb6 8. a3 Be7 9. Bd3 Bd7 10. Nb3 h6 11. Bxf6 Bxf6 12. Qd2 Bxc3 13. bxc3 Nc6 14. Be2 Qc7 15. O-O O-O-O 16. Qe3 d5 17. Rab1 dxe4 18. Nc5 b5 19. Nxa6 Qa7 20. Qxa7 Nxa7 21. a4 Kb7 22. Nc5+ Kc7 23. axb5 Bxb5 24. Bxb5 Nxb5 25. Rxb5 e3 26. Nd3 1-0

[Event "Ste-Foy 2011.03.06"]
[Site "Quebec CAN"]
[Date "2011.04.02"]
[Round "5"]
[White "Gaudreau, Eric"]
[Black "Labrecque, Rejean"]
[Result "1-0"]
[ECO "D35"]
[WhiteElo "1757"]
[BlackElo "1690"]
[PlyCount "105"]
[GameId "2160767909787483"]
[EventDate "2011.03.06"]
[EventType "swiss"]
[EventRounds "5"]
[EventCountry "CAN"]

1. d4 d5 2. c4 e6 3. Nc3 Nf6 4. cxd5 exd5 5. Bg5 Be7 6. e3 O-O 7. Bd3 b6 8. Qc2 Ba6 9. Nge2 Bxd3 10. Qxd3 Nbd7 11. O-O c5 12. Rac1 h6 13. Bh4 g5 14. Bg3 Rc8 15. Qf5 cxd4 16. Nxd4 Nc5 17. f3 Bd6 18. Nxd5 Nxd5 19. Qxd5 Bxg3 20. Qxd8 Bxh2+ 21. Kxh2 Rcxd8 22. Rfd1 f5 23. b4 Na6 24. a3 Rf7 25. Nxf5 Rfd7 26. Rxd7 Rxd7 27. Rc3 Kh7 28. Rc6 Rd3 29. Rxh6+ Kg8 30. Rg6+ Kf8 31. Rg7 Rxa3 32. Rxa7 Ra2 33. b5 Nb4 34. Rxa2 Nxa2 35. Nd6 Nc3 36. Nc8 Na4 37. Kg3 Ke8 38. Kg4 Kd7 39. Na7 Kc7 40. Nc6 Nc3 41. Nd4 Nd5 42. e4 Ne3+ 43. Kxg5 Nxg2 44. f4 Kd6 45. e5+ Ke7 46. f5 Ne3 47. f6+ Kf8 48. e6 Nd5 49. Kg6 Nf4+ 50. Kf5 Nh5 51. Nc6 Ng3+ 52. Kg6 Ne4 53. e7+ 1-0

[Event "Ste-Foy 2011.11.19"]
[Site "Quebec CAN"]
[Date "2011.12.03"]
[Round "3"]
[White "Beaudoin, Gaetan"]
[Black "Chiffot, Nicolas"]
[Result "1-0"]
[ECO "A00"]
[WhiteElo "1757"]
[BlackElo "1978"]
[PlyCount "69"]
[GameId "2160767909573514"]
[EventDate "2011.11.19"]
[EventType "swiss"]
[EventRounds "5"]
[EventCountry "CAN"]

1. e4 d5 2. Nc3 dxe4 3. Nxe4 Nf6 4. Bd3 Nbd7 5. Nf3 g6 6. Qe2 Bg7 7. O-O O-O 8. Re1 Nxe4 9. Bxe4 e5 10. c3 Nc5 11. Bc2 Bg4 12. Qe3 Bxf3 13. Qxf3 a5 14. d3 Qd7 15. Be3 Ne6 16. Rad1 Qb5 17. Bc1 Rad8 18. Re4 Qc6 19. Qg3 b5 20. f4 Nd4 21. Qf2 Nxc2 22. Qxc2 f5 23. Ree1 Qd5 24. fxe5 Bxe5 25. Bg5 Rde8 26. d4 Bg7 27. b3 c5 28. Be7 Rxe7 29. Rxe7 cxd4 30. cxd4 Bxd4+ 31. Kh1 Qd6 32. Qe2 Rc8 33. Re8+ Rxe8 34. Qxe8+ Kg7 35. Qxb5 1-0

[Event "Ste-Foy 2011.11.19"]
[Site "Quebec CAN"]
[Date "2011.12.03"]
[Round "3"]
[White "Bolduc, Jacques"]
[Black "Chouinard, Etienne"]
[Result "1-0"]
[ECO "D37"]
[WhiteElo "1316"]
[BlackElo "1568"]
[PlyCount "92"]
[GameId "2160767909573515"]
[EventDate "2011.11.19"]
[EventType "swiss"]
[EventRounds "5"]
[EventCountry "CAN"]

1. d4 d5 2. c4 e6 3. Nc3 Nf6 4. Nf3 Nbd7 5. Bf4 c6 6. e3 Qa5 7. a3 Ne4 8. Qc2 Ndf6 9. Bd3 Bb4 10. Rc1 Bxc3+ 11. bxc3 Qxa3 12. O-O O-O 13. Ng5 Nxg5 14. Bxg5 dxc4 15. Bxc4 Qe7 16. e4 h6 17. Bh4 Qc7 18. Bxf6 gxf6 19. Qd2 Kh7 20. Bd3 e5 21. f4 Rg8 22. f5 Rg5 23. Rf3 Bd7 24. Rh3 Rag8 25. Bf1 Bc8 26. Qe1 Qd8 27. Qh4 Qf8 28. Rc2 Qg7 29. Qe1 exd4 30. cxd4 Re8 31. Re2 Rg4 32. Ree3 b6 33. Rhg3 Rg5 34. Bd3 Kh8 35. e5 fxe5 36. dxe5 Rxg3 37. hxg3 Qg5 38. e6 fxe6 39. Qc3+ Kg8 40. Kf2 Kf7 41. Qxc6 e5 42. Qc7+ Qe7 43. Qc6 Qf6 44. Bc4+ Be6 45. Qc7+ Kg8 46. Bxe6+ Rxe6 1-0

[Event "Ste-Foy 2011.11.19"]
[Site "Quebec CAN"]
[Date "2011.12.03"]
[Round "3"]
[White "Cournoyer, Dominic"]
[Black "Sarra-Bournet, Marc"]
[Result "1-0"]
[ECO "A28"]
[WhiteElo "1937"]
[BlackElo "1736"]
[PlyCount "71"]
[GameId "2160767909573516"]
[EventDate "2011.11.19"]
[EventType "swiss"]
[EventRounds "5"]
[EventCountry "CAN"]

1. c4 e5 2. Nc3 Nf6 3. Nf3 Nc6 4. d4 exd4 5. Nxd4 Bc5 6. e3 O-O 7. Be2 d6 8. a3 a5 9. O-O Bd7 10. b3 Ne5 11. Bb2 c6 12. Nf3 Neg4 13. h3 Nxf2 14. Kxf2 Re8 15. Nd4 Qe7 16. Qd3 Qe5 17. Bf3 Qg5 18. Ke2 Re5 19. Kd2 Rae8 20. Rae1 d5 21. cxd5 cxd5 22. Re2 Ne4+ 23. Bxe4 dxe4 24. Qc4 Qe7 25. Ref2 Be6 26. Nxe6 fxe6 27. Rf7 Qg5 28. Kc2 Bxe3 29. Nxe4 Qxg2+ 30. Kb1 Rxe4 31. Qb5 Rd8 32. Rxg7+ Qxg7 33. Bxg7 Rd5 34. Qxb7 Bf4 35. Bf6 Bh6 36. Rg1+ 1-0

[Event "Ste-Foy 2011.11.19"]
[Site "Quebec CAN"]
[Date "2011.12.03"]
[Round "3"]
[White "Laflamme, Simon"]
[Black "Tremblay, Charles"]
[Result "1-0"]
[ECO "B22"]
[WhiteElo "1905"]
[BlackElo "1438"]
[PlyCount "59"]
[GameId "2160767909573517"]
[EventDate "2011.11.19"]
[EventType "swiss"]
[EventRounds "5"]
[EventCountry "CAN"]

1. e4 c5 2. c3 Nc6 3. Nf3 Nf6 4. e5 Ng4 5. d4 e6 6. Bd3 d6 7. h3 Nh6 8. Bxh6 gxh6 9. O-O d5 10. dxc5 Bxc5 11. Nbd2 Bd7 12. Nb3 Bb6 13. Qd2 Qc7 14. Rfe1 O-O-O 15. a4 Rdf8 16. c4 Na5 17. Nbd4 dxc4 18. Rec1 Kb8 19. b4 Bxd4 20. Nxd4 Qxe5 21. Bc2 Nc6 22. Nf3 Qd5 23. Qc3 Qh5 24. Rd1 Rfg8 25. Kf1 Rd8 26. Rxd7 Rxd7 27. Qxh8+ Kc7 28. Qc3 b5 29. axb5 Qxb5 30. Ba4 1-0

[Event "Ste-Foy 2011.11.19"]
[Site "Quebec CAN"]
[Date "2011.12.10"]
[Round "4"]
[White "Cournoyer, Dominic"]
[Black "Beaudoin, Gaetan"]
[Result "1-0"]
[ECO "A28"]
[WhiteElo "1937"]
[BlackElo "1757"]
[PlyCount "143"]
[GameId "2160767909573518"]
[EventDate "2011.11.19"]
[EventType "swiss"]
[EventRounds "5"]
[EventCountry "CAN"]

1. c4 e5 2. Nc3 Nf6 3. Nf3 Nc6 4. d4 exd4 5. Nxd4 Bb4 6. g3 O-O 7. Bg2 Re8 8. O-O Bxc3 9. bxc3 Ne5 10. c5 d5 11. cxd6 Qxd6 12. Nb5 Qc5 13. Qb3 Be6 14. Qb4 Qe7 15. Ba3 Qd8 16. Qc5 c6 17. Nd6 Nfd7 18. Qe3 Nc4 19. Nxc4 Bxc4 20. Qd4 Nb6 21. Qf4 Rxe2 22. Rfd1 Qe8 23. Qc7 Qc8 24. Qf4 Qe6 25. Qc7 Qc8 26. Qf4 Rxa2 27. Rxa2 Bxa2 28. Qh4 Bd5 29. Bh3 Qc7 30. Bf5 h6 31. Bd3 Re8 32. c4 Bf3 33. Rb1 Qd7 34. Bf1 Qf5 35. Rc1 Qa5 36. Bd6 Qd2 37. Bf4 Qd4 38. Qh3 Re6 39. Qf5 Nd7 40. Bc7 Rf6 41. Qc2 Be4 42. Qe2 Re6 43. Rd1 Qc3 44. Rxd7 Bf5 45. Rd8+ Kh7 46. Qd2 Qa1 47. Qd1 Qc3 48. Rd2 b6 49. Bf4 a5 50. Be3 c5 51. Rd6 Re7 52. Bd3 Bxd3 53. Qxd3+ Qxd3 54. Rxd3 Rb7 55. Rb3 a4 56. Ra3 Ra7 57. Kg2 Kg6 58. Kf3 Kf5 59. Bd2 Ke6 60. h4 g6 61. Bxh6 f5 62. Bf4 Kd7 63. Bc1 Kc6 64. Ke3 b5 65. cxb5+ Kxb5 66. Kd3 Kb4 67. Ra1 c4+ 68. Kc2 Rd7 69. Rb1+ Kc5 70. Be3+ Kc6 71. Kc3 Rd8 72. Kxc4 1-0

[Event "Ste-Foy 2011.11.19"]
[Site "Quebec CAN"]
[Date "2011.12.10"]
[Round "4"]
[White "Cummins, Paul"]
[Black "Laflamme, Simon"]
[Result "1/2-1/2"]
[ECO "C63"]
[WhiteElo "1687"]
[BlackElo "1905"]
[PlyCount "113"]
[GameId "2160767909573519"]
[EventDate "2011.11.19"]
[EventType "swiss"]
[EventRounds "5"]
[EventCountry "CAN"]

1. e4 e5 2. Nf3 Nc6 3. Bb5 f5 4. Bxc6 dxc6 5. Nc3 fxe4 6. Nxe4 Nf6 7. Qe2 Bg4 8. h3 Bh5 9. Ng3 Bxf3 10. Qxf3 Qd5 11. Qb3 O-O-O 12. O-O Bc5 13. d3 Rhf8 14. Qxd5 cxd5 15. Nf5 g6 16. Nh4 e4 17. Bg5 exd3 18. cxd3 Rde8 19. Nf3 Re7 20. d4 Bb6 21. Rab1 Ne4 22. Be3 c6 23. Rfe1 Nd6 24. Bd2 Rxe1+ 25. Rxe1 Ne4 26. Be3 Nd6 27. Bd2 Nc4 28. Bb4 Rf7 29. Ng5 Rg7 30. Bf8 Bxd4 31. Bxg7 Bxg7 32. b3 Nb2 33. Re2 h6 34. Nf3 g5 35. Ne5 Nd1 36. Nd3 Nc3 37. Re7 Bd4 38. a4 Ne4 39. Rh7 c5 40. Rxh6 c4 41. bxc4 dxc4 42. Nb4 Bxf2+ 43. Kf1 Bc5 44. Nc2 Nc3 45. a5 Nd5 46. Re6 Kd7 47. Re4 c3 48. g3 b5 49. axb6 axb6 50. Ke2 b5 51. h4 gxh4 52. gxh4 b4 53. Nd4 Bxd4 54. Rxd4 Ke6 55. Kd3 b3 56. Rxd5 Kxd5 57. Kxc3 1/2-1/2

[Event "Ste-Foy 2011.11.19"]
[Site "Quebec CAN"]
[Date "2011.12.10"]
[Round "4"]
[White "Tremblay, Charles"]
[Black "Doyon, Stephane"]
[Result "1-0"]
[ECO "A24"]
[WhiteElo "1438"]
[BlackElo "1851"]
[PlyCount "69"]
[GameId "2160767909573520"]
[EventDate "2011.11.19"]
[EventType "swiss"]
[EventRounds "5"]
[EventCountry "CAN"]

1. c4 Nf6 2. Nc3 g6 3. Nf3 Bg7 4. g3 d6 5. Bg2 O-O 6. O-O e5 7. d3 Nbd7 8. Rb1 Rb8 9. b4 Re8 10. Bd2 e4 11. dxe4 Nxe4 12. Nxe4 Rxe4 13. Bg5 Nf6 14. Nd2 Re7 15. Re1 h6 16. Be3 Bf5 17. Rb3 b6 18. Nf3 Qd7 19. Nd4 Be4 20. b5 Bxg2 21. Kxg2 Rb7 22. Nc6 Re8 23. Qc1 Ng4 24. Bd2 g5 25. f3 Ne5 26. Nxe5 Bxe5 27. f4 gxf4 28. Bxf4 Bxf4 29. gxf4 Re4 30. Rg3+ Kh7 31. Qc3 f5 32. Qf6 Re6 33. Qxf5+ Kh8 34. Qf8+ Kh7 35. Qg8# 1-0

[Event "Ste-Foy Tournoi Pop"]
[Site "Quebec CAN"]
[Date "2011.04.09"]
[Round "3"]
[White "Drolet, Stephane"]
[Black "Gaudreau, Eric"]
[Result "1-0"]
[ECO "D02"]
[WhiteElo "2195"]
[BlackElo "1772"]
[PlyCount "59"]
[GameId "2160767909778921"]
[EventDate "2011.04.09"]
[EventType "tourn"]
[EventRounds "3"]
[EventCountry "CAN"]

1. d4 d5 2. Nf3 e6 3. Bf4 c5 4. e3 Nf6 5. c3 Nbd7 6. Nbd2 Qb6 7. Rb1 Bd6 8. Bg3 Nf8 9. Ne5 Ng6 10. f4 Bd7 11. a4 Qa5 12. Ra1 Ne7 13. Bd3 Nf5 14. Bf2 h5 15. Qf3 Nh6 16. Nxd7 Kxd7 17. Bb5+ Ke7 18. dxc5 Bxc5 19. b4 Bxb4 20. cxb4 Qxb4 21. Rb1 Qc3 22. e4 Nxe4 23. Qxc3 Nxc3 24. Bc5+ Kd8 25. Rb3 Nxb5 26. Rxb5 b6 27. Bf2 Rc8 28. Ke2 Kd7 29. a5 Rc5 30. Bxc5 1-0

[Event "Thanksgiving op"]
[Site "Toronto CAN"]
[Date "2011.10.08"]
[Round "1"]
[White "Sapozhnikov, Roman"]
[Black "Ferreira, Alex"]
[Result "1-0"]
[ECO "B04"]
[WhiteElo "2449"]
[BlackElo "2048"]
[PlyCount "93"]
[GameId "2160767909648000"]
[EventDate "2011.10.08"]
[EventType "swiss"]
[EventRounds "6"]
[EventCountry "CAN"]
[SourceTitle "EXT 2022"]
[Source "ChessBase"]
[SourceDate "2021.10.06"]
[SourceVersion "1"]
[SourceVersionDate "2021.10.06"]
[SourceQuality "1"]

1. e4 Nf6 2. e5 Nd5 3. d4 d6 4. Nf3 g6 5. Bc4 Nb6 6. Bb3 Bg7 7. O-O dxe5 8. Nxe5 Bxe5 9. dxe5 Qxd1 10. Rxd1 Nc6 11. Bh6 Na5 12. Nc3 Nxb3 13. Nb5 Bd7 14. Nxc7+ Kd8 15. Nxa8 Nxa1 16. Nxb6 axb6 17. Rxa1 Bf5 18. Rd1+ Kc7 19. Be3 Ra8 20. a3 Ra5 21. Rd4 Rc5 22. c3 Kc6 23. f4 h5 24. a4 Be6 25. Rb4 Rc4 26. Rxb6+ Kc7 27. a5 Ra4 28. Rb5 Bc4 29. Rc5+ Kd7 30. b4 Bb3 31. Rb5 Kc6 32. Rb6+ Kc7 33. Bc5 Ra1+ 34. Kf2 Ra2+ 35. Ke3 e6 36. Bd6+ Kc8 37. Rb5 Rxg2 38. Rc5+ Kd8 39. Rc7 Rxh2 40. Rxb7 h4 41. Rxf7 Bd1 42. a6 h3 43. Rh7 Bh5 44. a7 Ra2 45. a8=Q+ Rxa8 46. Rh8+ Kd7 47. Rxa8 1-0

[Event "Thanksgiving op"]
[Site "Toronto CAN"]
[Date "2011.10.08"]
[Round "2"]
[White "Ferreira, Alex"]
[Black "Campos Tores, Jose Luis"]
[Result "1-0"]
[ECO "B27"]
[WhiteElo "2048"]
[BlackElo "1823"]
[PlyCount "59"]
[GameId "2160767909648005"]
[EventDate "2011.10.08"]
[EventType "swiss"]
[EventRounds "6"]
[EventCountry "CAN"]
[SourceTitle "EXT 2022"]
[Source "ChessBase"]
[SourceDate "2021.10.06"]
[SourceVersion "1"]
[SourceVersionDate "2021.10.06"]
[SourceQuality "1"]

1. e4 g6 2. d4 Bg7 3. Nf3 c5 4. Be3 Nc6 5. c3 Nf6 6. d5 Nb8 7. e5 Ng4 8. Bf4 d6 9. exd6 exd6 10. Bb5+ Kf8 11. O-O a6 12. Bd3 Ne5 13. Nxe5 dxe5 14. Be3 Qb6 15. b4 Nd7 16. Nd2 f5 17. bxc5 Nxc5 18. Nb3 Ke8 19. Bxc5 Qc7 20. a4 b6 21. Bb4 a5 22. Bb5+ Kf7 23. d6 Qd8 24. d7 Bb7 25. Bc4+ Kf6 26. Qd6+ Kg5 27. Ba3 Kh6 28. f4 e4 29. Nd4 Bxd4+ 30. cxd4 1-0

[Event "Thanksgiving op"]
[Site "Toronto CAN"]
[Date "2011.10.08"]
[Round "2"]
[White "McTavish, Dale"]
[Black "Sapozhnikov, Roman"]
[Result "0-1"]
[ECO "B57"]
[WhiteElo "2183"]
[BlackElo "2449"]
[PlyCount "80"]
[GameId "2160767909648007"]
[EventDate "2011.10.08"]
[EventType "swiss"]
[EventRounds "6"]
[EventCountry "CAN"]
[SourceTitle "EXT 2022"]
[Source "ChessBase"]
[SourceDate "2021.10.06"]
[SourceVersion "1"]
[SourceVersionDate "2021.10.06"]
[SourceQuality "1"]

1. e4 c5 2. Nf3 Nc6 3. d4 cxd4 4. Nxd4 Nf6 5. Nc3 d6 6. Bc4 Qb6 7. Nb3 e6 8. Bd3 Qc7 9. O-O Be7 10. Kh1 a6 11. f4 b5 12. Bd2 O-O 13. Qe1 Bb7 14. Qg3 Kh8 15. Rae1 b4 16. Nd1 Nd7 17. c4 a5 18. Ne3 Nc5 19. Nxc5 dxc5 20. Bb1 Rad8 21. Bc1 Nd4 22. Qh3 f6 23. f5 exf5 24. exf5 Bd6 25. Nd5 Bxd5 26. cxd5 Rfe8 27. Re6 Be5 28. Re1 Qf7 29. Re4 Nxe6 30. fxe6 Qxe6 31. Rg4 f5 32. Rh4 Rxd5 33. Rxh7+ Kg8 34. Bc2 g6 35. Ra7 Bg7 36. Rxg7+ Kxg7 37. Qh6+ Kg8 38. h3 c4 39. Bg5 Qf7 40. Qh4 Rd6 0-1

[Event "Thanksgiving op"]
[Site "Toronto CAN"]
[Date "2011.10.08"]
[Round "3"]
[White "Posaratnanathan, Juliaan"]
[Black "Ferreira, Alex"]
[Result "0-1"]
[ECO "B04"]
[WhiteElo "1820"]
[BlackElo "2048"]
[PlyCount "136"]
[GameId "2160767909648012"]
[EventDate "2011.10.08"]
[EventType "swiss"]
[EventRounds "6"]
[EventCountry "CAN"]
[SourceTitle "EXT 2022"]
[Source "ChessBase"]
[SourceDate "2021.10.06"]
[SourceVersion "1"]
[SourceVersionDate "2021.10.06"]
[SourceQuality "1"]

1. e4 Nf6 2. e5 Nd5 3. d4 d6 4. Nf3 g6 5. Be2 Bg7 6. exd6 cxd6 7. O-O O-O 8. c4 Nb6 9. Nc3 Nc6 10. Be3 Re8 11. h3 e5 12. d5 Ne7 13. c5 dxc5 14. d6 Nf5 15. Bxc5 e4 16. Bxb6 axb6 17. Ng5 Bxc3 18. bxc3 Nxd6 19. Qd4 Qxg5 20. Qxd6 Bxh3 21. Qg3 Qxg3 22. fxg3 Be6 23. a4 Rec8 24. Rfb1 Bc4 25. Bxc4 Rxc4 26. Rxb6 Raxa4 27. Rd1 Rc7 28. Rdb1 Rxc3 29. Rxb7 Rac4 30. Re7 Rc1+ 31. Rxc1 Rxc1+ 32. Kf2 Rc2+ 33. Kf1 Rc4 34. Ke2 Kf8 35. Re5 h5 36. Ke3 f6 37. Ra5 Kg7 38. Kf4 Kh6 39. g4 hxg4 40. Kxg4 Rc2 41. g3 e3 42. Ra3 e2 43. Re3 Ra2 44. Re8 f5+ 45. Kf3 Kg5 46. Re3 Rb2 47. Kf2 Kg4 48. Ke1 g5 49. Rc3 Ra2 50. Rb3 f4 51. gxf4 Kxf4 52. Rb4+ Kg3 53. Rb3+ Kh4 54. Kf2 g4 55. Rb1 e1=Q+ 56. Kxe1 Kg3 57. Kf1 Kh2 58. Rb8 Ra1+ 59. Ke2 Ra5 60. Rf8 g3 61. Rh8+ Kg2 62. Re8 Kg1 63. Re7 g2 64. Re8 Rh5 65. Rg8 Kh2 66. Kf2 Rf5+ 67. Ke3 g1=Q+ 68. Rxg1 Kxg1 0-1

[Event "Thanksgiving op"]
[Site "Toronto CAN"]
[Date "2011.10.08"]
[Round "3"]
[White "Sapozhnikov, Roman"]
[Black "Inigo, Aquino"]
[Result "1-0"]
[ECO "D36"]
[WhiteElo "2449"]
[BlackElo "2154"]
[PlyCount "51"]
[GameId "2160767909648013"]
[EventDate "2011.10.08"]
[EventType "swiss"]
[EventRounds "6"]
[EventCountry "CAN"]
[SourceTitle "EXT 2022"]
[Source "ChessBase"]
[SourceDate "2021.10.06"]
[SourceVersion "1"]
[SourceVersionDate "2021.10.06"]
[SourceQuality "1"]

1. d4 d5 2. c4 e6 3. Nc3 Nf6 4. cxd5 exd5 5. Bg5 Be7 6. e3 O-O 7. Bd3 c6 8. Nge2 Nbd7 9. Qc2 Re8 10. O-O Nf8 11. f3 c5 12. Rae1 b6 13. Nf4 cxd4 14. exd4 h6 15. Rxe7 Qxe7 16. Ncxd5 Qd6 17. Bxf6 gxf6 18. Bb5 Rd8 19. Bc4 Nh7 20. Re1 b5 21. Bb3 Bb7 22. Ne7+ Kh8 23. Nfg6+ fxg6 24. Nxg6+ Kg7 25. Re7+ Qxe7 26. Nxe7 1-0

[Event "Thanksgiving op"]
[Site "Toronto CAN"]
[Date "2011.10.09"]
[Round "4"]
[White "Ferreira, Alex"]
[Black "Gusev, Nikita"]
[Result "0-1"]
[ECO "A46"]
[WhiteElo "2048"]
[BlackElo "2230"]
[PlyCount "108"]
[GameId "2160767909648014"]
[EventDate "2011.10.08"]
[EventType "swiss"]
[EventRounds "6"]
[EventCountry "CAN"]
[SourceTitle "EXT 2022"]
[Source "ChessBase"]
[SourceDate "2021.10.06"]
[SourceVersion "1"]
[SourceVersionDate "2021.10.06"]
[SourceQuality "1"]

1. d4 Nf6 2. Bg5 e6 3. e4 h6 4. Bxf6 Qxf6 5. Nf3 d6 6. Nc3 Nd7 7. Bc4 Be7 8. Qe2 Qg6 9. e5 d5 10. Bd3 Qxg2 11. Rg1 Qh3 12. Rxg7 a6 13. O-O-O c5 14. Ng1 Qxh2 15. Qf3 Rf8 16. Rxf7 Rxf7 17. Bg6 Bg5+ 18. Kb1 Qf4 19. Qh5 Nf8 20. Nh3 Nxg6 21. Nxf4 Nxf4 22. Qg4 c4 23. Ne2 Bd7 24. Nxf4 Rxf4 25. Qh5+ Ke7 26. Qh3 Raf8 27. Qa3+ Ke8 28. b3 Be7 29. Qa5 cxb3 30. axb3 Rxf2 31. Kb2 Rg8 32. Rd3 Rgg2 33. Rc3 Rg1 34. Rc7 Bd8 35. Qc5 Bxc7 36. Qxc7 Rgg2 37. Qb8+ Kf7 38. Qxb7 Rxc2+ 39. Ka3 Ke8 40. Qa8+ Ke7 41. Qh8 Be8 42. Qf6+ Kd7 43. Qxh6 Ra2+ 44. Kb4 Rgc2 45. Qxe6+ Kd8 46. Qxd5+ Bd7 47. Qg8+ Kc7 48. Qc4+ Rxc4+ 49. bxc4 a5+ 50. Kc5 a4 51. d5 Bg4 52. e6 Rd2 53. Kb4 Be2 54. Kc3 Rd1 0-1

[Event "Thanksgiving op"]
[Site "Toronto CAN"]
[Date "2011.10.09"]
[Round "5"]
[White "Gusev, Nikita"]
[Black "Semianiuk, Konstantin"]
[Result "1-0"]
[ECO "B31"]
[WhiteElo "2230"]
[BlackElo "2204"]
[PlyCount "81"]
[GameId "2160767909648022"]
[EventDate "2011.10.08"]
[EventType "swiss"]
[EventRounds "6"]
[EventCountry "CAN"]
[SourceTitle "EXT 2022"]
[Source "ChessBase"]
[SourceDate "2021.10.06"]
[SourceVersion "1"]
[SourceVersionDate "2021.10.06"]
[SourceQuality "1"]

1. e4 c5 2. Nf3 Nc6 3. Bb5 g6 4. Bxc6 dxc6 5. O-O Bg7 6. h3 Nh6 7. d3 f6 8. Be3 b6 9. Nbd2 e5 10. a4 a5 11. Nc4 Nf7 12. b4 axb4 13. a5 bxa5 14. Bxc5 Ra6 15. Nfd2 Bf8 16. Rxa5 Bxc5 17. Rxc5 Nd6 18. Nxd6+ Qxd6 19. Nb3 Be6 20. Qb1 O-O 21. d4 exd4 22. Rd1 Ra3 23. Rxd4 Qe7 24. Rxc6 Rfa8 25. Qd1 Bxb3 26. cxb3 Qe5 27. Rc1 Qf4 28. g3 Qb8 29. Rd7 R3a7 30. Qd5+ Kh8 31. Rd6 Qf8 32. Rcc6 Rf7 33. Qd4 Kg7 34. Qxb4 Ra1+ 35. Kg2 h5 36. Qd4 Ra5 37. b4 Rb5 38. e5 fxe5 39. Rxg6+ Kh7 40. Rh6+ Qxh6 41. Qd3+ 1-0

[Event "Thanksgiving op"]
[Site "Toronto CAN"]
[Date "2011.10.09"]
[Round "5"]
[White "Jung, Hans"]
[Black "Inigo, Aquino"]
[Result "1/2-1/2"]
[ECO "C10"]
[WhiteElo "2298"]
[BlackElo "2154"]
[PlyCount "71"]
[GameId "2160767909648024"]
[EventDate "2011.10.08"]
[EventType "swiss"]
[EventRounds "6"]
[EventCountry "CAN"]
[SourceTitle "EXT 2022"]
[Source "ChessBase"]
[SourceDate "2021.10.06"]
[SourceVersion "1"]
[SourceVersionDate "2021.10.06"]
[SourceQuality "1"]

1. Nc3 d5 2. e4 dxe4 3. Nxe4 e6 4. d4 Be7 5. Bd3 Nf6 6. c3 O-O 7. Qc2 Nxe4 8. Bxe4 h6 9. Nf3 Nd7 10. Qe2 Nf6 11. Bc2 b6 12. Ne5 Bb7 13. O-O c5 14. Be3 Qc7 15. f4 cxd4 16. Bxd4 Bc5 17. Bxc5 Qxc5+ 18. Kh1 Rad8 19. Rad1 Qc7 20. Rfe1 Rxd1 21. Rxd1 Rd8 22. Bb3 Rxd1+ 23. Qxd1 Ne4 24. Qd4 Qd6 25. f5 Qxd4 26. cxd4 exf5 27. Bxf7+ Kf8 28. Be6 Nd6 29. Ng6+ Ke8 30. d5 Bc8 31. Kg1 Bxe6 32. dxe6 Ne4 33. Nh4 Nd6 34. Ng6 Ne4 35. Nh4 Nd6 36. Ng6 1/2-1/2

[Event "Thanksgiving op"]
[Site "Toronto CAN"]
[Date "2011.10.09"]
[Round "5"]
[White "Siddeley, Hugh"]
[Black "Nasir, Pi"]
[Result "0-1"]
[ECO "C11"]
[WhiteElo "2024"]
[BlackElo "1770"]
[PlyCount "128"]
[GameId "2160767909648026"]
[EventDate "2011.10.08"]
[EventType "swiss"]
[EventRounds "6"]
[EventCountry "CAN"]
[SourceTitle "EXT 2022"]
[Source "ChessBase"]
[SourceDate "2021.10.06"]
[SourceVersion "1"]
[SourceVersionDate "2021.10.06"]
[SourceQuality "1"]

1. e4 e6 2. d4 d5 3. Nc3 Nf6 4. e5 Nfd7 5. Nf3 c5 6. dxc5 Bxc5 7. Bd3 Nc6 8. Bf4 a6 9. a3 b5 10. b4 Be7 11. Qe2 Bb7 12. h4 h6 13. h5 Nb6 14. Rh3 Qc7 15. Nb1 Nc4 16. Rg3 Bf8 17. c3 a5 18. Ra2 axb4 19. cxb4 Qb6 20. Kf1 Nd4 21. Nxd4 Qxd4 22. Rg4 Qb6 23. Kg1 Bc6 24. Kh1 Ra6 25. Bh2 Qa7 26. Bg1 Bxb4 27. Rxg7 Bf8 28. f4 Qe7 29. Rg4 Bd7 30. Bf2 Qd8 31. Be1 Qb6 32. Bb4 Qe3 33. Bxc4 Qc1+ 34. Kh2 bxc4 35. Bxf8 Rb6 36. Bg7 Rxb1 37. Bxh8 Qg1+ 38. Kh3 Rb3+ 39. Qf3 Rxf3+ 40. gxf3 Qf1+ 41. Kg3 Ba4 42. Rg8+ Kd7 43. Ra8 Bd1 44. Rf2 Qh1 45. Ra7+ Kc6 46. Rxf7 c3 47. Re7 c2 48. Rxe6+ Kb5 49. a4+ Ka5 50. Rc6 Qg1+ 51. Rg2 Qe3 52. Rf2 c1=Q 53. Rxc1 Qxc1 54. e6 Qc8 55. Rd2 Bb3 56. Be5 Qxe6 57. Rd4 Bc4 58. Rd1 Qf5 59. Rd4 Qxh5 60. Rd2 Qg6+ 61. Kf2 h5 62. Ke3 Qg1+ 63. Rf2 h4 64. f5 Qg5+ 0-1

[Event "Thanksgiving op"]
[Site "Toronto CAN"]
[Date "2011.10.10"]
[Round "6"]
[White "Ferreira, Alex"]
[Black "Jung, Hans"]
[Result "0-1"]
[ECO "C41"]
[WhiteElo "2048"]
[BlackElo "2298"]
[PlyCount "80"]
[GameId "2160767909648030"]
[EventDate "2011.10.08"]
[EventType "swiss"]
[EventRounds "6"]
[EventCountry "CAN"]
[SourceTitle "EXT 2022"]
[Source "ChessBase"]
[SourceDate "2021.10.06"]
[SourceVersion "1"]
[SourceVersionDate "2021.10.06"]
[SourceQuality "1"]

1. e4 d6 2. d4 Nf6 3. Nc3 Nbd7 4. Nf3 e5 5. Bc4 Be7 6. O-O O-O 7. h3 c6 8. Be3 b5 9. Bd3 Bb7 10. Ne2 a6 11. Ng3 Re8 12. c3 Qc7 13. Ng5 h6 14. Nf3 Bf8 15. Nh2 d5 16. Qc2 exd4 17. cxd4 dxe4 18. Nxe4 Nd5 19. Bd2 Nb4 20. Bxb4 Bxb4 21. a3 Bf8 22. b4 Rad8 23. Nf3 Nb6 24. Rad1 Nd5 25. Nc5 Bc8 26. Bh7+ Kh8 27. Bf5 a5 28. Bxc8 Rxc8 29. bxa5 Qxa5 30. Ne5 Kg8 31. Qf5 f6 32. Ned7 Bxc5 33. Nxc5 Qxa3 34. Rd3 Qa7 35. Rg3 Qf7 36. Ra1 Rc7 37. Raa3 Qe7 38. Rg4 Qe1+ 39. Kh2 Nc3 40. Qxf6 Ne2 0-1